|
|
|
|
| LEADER |
01114cam a22003371a 4500 |
| 001 |
000033822 |
| 003 |
10013 |
| 005 |
20240910142017.0 |
| 040 |
|
|
|a 151027s2010 vm 000 vie
|
| 040 |
|
|
|a LNN
|
| 041 |
|
|
|a vie
|
| 082 |
|
|
|a 895.92
|b NI-N
|
| 100 |
|
|
|a N.I.Niculin
|
| 245 |
|
0 |
|a Dòng Chảy Văn Hóa Việt Nam /
|c . N.I.Niculin.
|
| 260 |
|
|
|a H; :
|b nxb Thanh niên,
|c 2006.
|
| 300 |
|
|
|a 14.5 x 20.5 cm, :ill: 656tr.
|
| 650 |
|
|
|a Văn Hóa, Việt Nam , GS.VS. N.I.Niculin ,2010
|
| 852 |
|
|
|c Ngôn ngữ tiếng Việt 1
|
| OWN |
|
|
|a LNN
|
| AVA |
|
|
|a UDN50
|b LNN
|d 895.92 NI-N
|e available
|t Error 5001 Not defined in file expand_doc_bib_avail.
|f 3
|g 0
|h N
|i 0
|
| 999 |
|
|
|a From the UDN01
|
| AVA |
|
|
|a UDN50
|b LNN
|d 895.92 NI-N
|e available
|t Error 5001 Not defined in file expand_doc_bib_avail.
|f 3
|g 0
|h N
|i 0
|
| TYP |
|
|
|a Monograph
|
| TYP |
|
|
|a Printed language
|
| TYP |
|
|
|a GV
|
| 980 |
|
|
|a Mạng thư viện Đại học Đà Nẵng
|